|
|
|
|
| LEADER |
01199nam a22003014a 4500 |
| 001 |
40429 |
| 003 |
BD-DhAAL |
| 005 |
20230122162810.0 |
| 008 |
230122t2001 dcu b 000 0 eng |
| 010 |
|
|
|a 2001026780
|
| 020 |
|
|
|a 0821348884
|
| 020 |
|
|
|a 9780821348888
|
| 040 |
|
|
|a DLC
|c DLC
|d DLC
|d BD-DhAAL
|
| 042 |
|
|
|a pcc
|
| 082 |
0 |
0 |
|a 340.11
|2 23
|
| 245 |
0 |
0 |
|a Comprehensive legal and judicial development :
|b toward an agenda for a just and equitable society in the 21st century /
|c edited by Rudolf V. van Puymbroeck.
|
| 260 |
|
|
|a Washington, D.C. :
|b World Bank,
|c c2001.
|
| 300 |
|
|
|a xv, 447 pages ;
|c 23 cm.
|
| 504 |
|
|
|a Includes bibliographical references.
|
| 541 |
|
|
|a Akbar Ali Khan Collections
|e 40429
|
| 650 |
|
0 |
|a Justice, Administration of.
|
| 650 |
|
0 |
|a Equality before the law.
|9 53411
|
| 650 |
|
0 |
|a Social justice.
|
| 700 |
1 |
|
|a Van Puymbroeck, Rudolf V.,
|d 1945-
|9 53412
|
| 852 |
|
|
|a Ayesha Abed Library
|c Akbar Ali Khan Collection
|
| 942 |
|
|
|2 ddc
|c BK
|
| 999 |
|
|
|c 45474
|d 45474
|
| 952 |
|
|
|0 0
|1 0
|2 ddc
|4 0
|6 340_110000000000000_COM
|7 1
|9 73043
|a BRACUL
|b BRACUL
|c AAKC
|d 2023-01-22
|e Donated by Akbar Ali Khan
|g 4796.22
|l 0
|o 340.11 COM
|p 3010040429
|r 2023-01-22
|t 1
|v 4796.22
|w 0000-00-00
|y BK
|x £41.74
|